=LDR 00000nam 2200000 4500 =001 000395 =005 20250710032015 =035 ##$$a 0010-0725000257 =007 ta =008 250710################a##########0#ind## =020 ##$$a 978-623-118-902-8 =082 ##$$a 398.209 598 =084 ##$$a 398.209 598 RAH k =100 #$$a Rahayu, Dwi Agustina =245 1#$$a Kantong Semar Istimewa /$c Agustina Dwi Rahayu =250 ##$$a Cetakan Kedua =260 ##$$a Jakarta Timur :$b Kementerian Pendidikan, Kebudayaan, Riset, dan Teknologi,$c 2023 =300 ##$$a 28 hlm : $b ilus. ; $c 21 x 29,7 cm =650 #4$$a Kesusastraan Anak =600 #4$$a Cerita anak-Indonesia =856 ##$$a TBM AS SUHADA =990 ##$$a TBM01210121